[Event "Mexico City Latinoamericano-C 1st"]
[Site "Mexico City"]
[Date "2021.11.04"]
[Round "2"]
[White "Moran, Daniel Stiven"]
[Black "Chirivi Castiblanco, Jenny Astrid"]
[Result "0-1"]
[WhiteElo "2210"]
[BlackElo "2109"]
[PlyCount "96"]
[EventDate "2021.11.04"]
[EventType "tourn"]
[EventRounds "9"]
[EventCountry "MEX"]
[EventCategory "1"]
[SourceTitle "CBM 205 Extra"]
[Source "ChessBase"]
[SourceDate "2022.01.31"]
[SourceVersion "1"]
[SourceVersionDate "2022.01.31"]
[SourceQuality "1"]

1. e4 c5 2. Nf3 e6 3. d4 cxd4 4. Nxd4 a6 5. Nc3 Qc7 6. Bd3 Nf6 7. Qe2 d6 8. f4 b5 9. e5 b4 10. Ncb5 axb5 11. exf6 gxf6 12. Bd2 d5 13. Bxb5+ Bd7 14. c4 Qb6 15. Nb3 Bxb5 16. cxb5 Nd7 17. Be3 Qb7 18. b6 Bd6 19. Qb5 d4 20. Nxd4 Qxg2 21. 0-0-0 Rxa2 22. Nc2 Ke7 23. b7 Rb8 24. Rxd6 Qxh1+ 25. Rd1 Rxb7 26. Qc4 Qxh2 27. Qxa2 b3 28. Qa3+ Ke8 29. Nd4 e5 30. fxe5 fxe5 31. Nxb3 Qe2 32. Bc5 Qc4+ 33. Kb1 Qxb3 34. Qxb3 Rxb3 35. Bd6 Rb6 36. b4 f5 37. Ka2 h5 38. Kb3 h4 39. Ka4 h3 40. Ka5 h2 41. Bxe5 Rh6 42. Bxh2 Rxh2 43. Rf1 Rh5 44. Ka6 Rh6+ 45. Kb7 Rf6 46. Rf4 Ke7 47. Kc7 Nb6 48. Rf1 Nd5+ 0-1

[Event "Mexico City Fenamac-A"]
[Site "Mexico City"]
[Date "2021.07.01"]
[Round "3"]
[White "Benitez Lozano, Javier"]
[Black "Moran, Daniel Stiven"]
[Result "1-0"]
[WhiteElo "2375"]
[BlackElo "2172"]
[PlyCount "103"]
[EventDate "2021.06.30"]
[EventType "tourn"]
[EventRounds "9"]
[EventCountry "MEX"]
[EventCategory "4"]
[SourceTitle "CBM 203 Extra"]
[Source "ChessBase"]
[SourceDate "2021.09.30"]
[SourceVersion "1"]
[SourceVersionDate "2021.09.30"]
[SourceQuality "1"]

1. c4 Nf6 2. Nc3 g6 3. e4 d6 4. d4 Bg7 5. Nf3 0-0 6. Be2 c5 7. 0-0 Bg4 8. d5 b5 9. cxb5 a6 10. Re1 Bxf3 11. Bxf3 axb5 12. Nxb5 Nfd7 13. Be2 Na6 14. Rb1 Nc7 15. a4 Na6 16. b3 Qb8 17. Bg5 Re8 18. Rc1 Nb4 19. Bd2 Na6 20. Bc3 Bh6 21. Rc2 Qb7 22. Qd3 Nf8 23. h4 Red8 24. Qg3 Nc7 25. h5 Ne8 26. Bc4 Ng7 27. hxg6 Nxg6 28. Qh3 Bf4 29. g3 Be5 30. Kg2 h5 31. Bd2 Bf6 32. f4 Kh7 33. Bc1 Rh8 34. Rce2 Ne8 35. Qxh5+ Kg7 36. Qf3 Bh4 37. Bb2+ Bf6 38. e5 dxe5 39. fxe5 Bg5 40. Rh1 Rxh1 41. Kxh1 e6 42. Rf2 Qd7 43. dxe6 fxe6 44. Qxa8 Be3 45. Rf1 Kh6 46. Qf3 Bg5 47. Nc3 Ng7 48. Ne4 Be7 49. Bc1+ Kh7 50. Nf6+ Bxf6 51. exf6 Nf5 52. Qh5+ 1-0

[Event "COL-ch sf"]
[Site "Palmira"]
[Date "2020.11.12"]
[Round "1"]
[White "Lopez Rayo, Isabella"]
[Black "Moran, Daniel Stiven"]
[Result "0-1"]
[WhiteElo "1709"]
[BlackElo "2145"]
[PlyCount "34"]
[EventDate "2020.11.12"]
[EventType "swiss"]
[EventRounds "8"]
[EventCountry "COL"]
[SourceTitle "CBM 199 Extra"]
[Source "ChessBase"]
[SourceDate "2021.01.31"]
[SourceVersion "1"]
[SourceVersionDate "2021.01.31"]
[SourceQuality "1"]

1. e4 c5 2. Nf3 a6 3. d4 cxd4 4. Nxd4 Nf6 5. Nc3 e5 6. Nf3 Bb4 7. Qd3 d5 8. Bd2 0-0 9. a3 Bxc3 10. Bxc3 Nxe4 11. Bxe5 Nc6 12. Bg3 Bf5 13. Qd1 Qa5+ 14. c3 Nxc3 15. bxc3 Qxc3+ 16. Nd2 Rfe8+ 17. Be2 Rxe2+ 0-1

[Event "Medellin Castro Memorial 36th"]
[Site "Medellin"]
[Date "2019.08.11"]
[Round "8"]
[White "Moran, Daniel Stiven"]
[Black "Salcedo Perez, Pablo Esteban"]
[Result "0-1"]
[WhiteElo "2155"]
[BlackElo "2183"]
[PlyCount "166"]
[EventDate "2019.08.07"]
[EventType "swiss"]
[EventRounds "9"]
[EventCountry "COL"]
[SourceTitle "EXT 2020"]
[Source "ChessBase"]
[SourceDate "2019.10.17"]
[SourceVersion "1"]
[SourceVersionDate "2019.10.17"]
[SourceQuality "1"]

1. d4 d5 2. c4 e6 3. Nc3 Be7 4. cxd5 exd5 5. Bf4 c6 6. Qc2 Nd7 7. e3 Ngf6 8. Bd3 Nf8 9. Nf3 Ng6 10. Bg5 Bg4 11. Nd2 Ng8 12. Bxe7 N8xe7 13. f3 Be6 14. 0-0-0 a5 15. Na4 0-0 16. h4 Re8 17. h5 Nf8 18. Kb1 Nc8 19. g4 Nd6 20. Nc5 b6 21. Nxe6 Rxe6 22. e4 dxe4 23. fxe4 Nb7 24. Nf3 Rf6 25. Rhf1 Rc8 26. e5 Rf4 27. Qd2 Ne6 28. Bf5 Qf8 29. Ng5 Rxd4 30. Qxd4 Nxd4 31. Bxc8 Qxc8 32. Rxd4 c5 33. Rdf4 Nd8 34. Nxf7 Nxf7 35. Rxf7 h6 36. R7f5 Qd7 37. Re1 Qd3+ 38. Ka1 c4 39. e6 c3 40. Rf2 cxb2+ 41. Rxb2 Qc3 42. Ree2 Kf8 43. e7+ Ke8 44. Kb1 Qd4 45. Rbd2 Qb4+ 46. Kc2 Qc5+ 47. Kd1 Qg1+ 48. Kc2 Qc5+ 49. Kd3 Qa3+ 50. Kc4 Qb4+ 51. Kd5 Qb5+ 52. Kd6 Qc5+ 53. Ke6 Qc6+ 54. Kf5 Qf6+ 55. Ke4 Kxe7 56. Rd4 Qc6+ 57. Kd3+ Kf7 58. Rf4+ Kg8 59. Ref2 Qd6+ 60. Ke4 b5 61. Rc2 Qe6+ 62. Kf3 Qd7 63. Ke3 b4 64. Rcf2 Qe6+ 65. Re4 Qb6+ 66. Ke2 Qb5+ 67. Kd2 a4 68. Rff4 Qd5+ 69. Ke3 Qc5+ 70. Kf3 Qc6 71. Kf2 g5 72. hxg6 b3 73. axb3 axb3 74. Rb4 Qc5+ 75. Kf3 Qd5+ 76. Kf2 Qd6 77. Kg2 b2 78. Rfd4 Qxd4 79. Rxd4 b1Q 80. Kf3 Qf1+ 81. Ke4 Kg7 82. Rd3 Qe2+ 83. Kd4 Qxg4+ 0-1

[Event "Medellin Castro Memorial 36th"]
[Site "Medellin"]
[Date "2019.08.07"]
[Round "1"]
[White "Vanegas, Ricardo"]
[Black "Moran, Daniel Stiven"]
[Result "1/2-1/2"]
[WhiteElo "1850"]
[BlackElo "2155"]
[PlyCount "56"]
[EventDate "2019.08.07"]
[EventType "swiss"]
[EventRounds "9"]
[EventCountry "COL"]
[SourceTitle "EXT 2020"]
[Source "ChessBase"]
[SourceDate "2019.10.17"]
[SourceVersion "1"]
[SourceVersionDate "2019.10.17"]
[SourceQuality "1"]

1. e4 e6 2. d4 d5 3. Nc3 Nf6 4. e5 Nfd7 5. Nf3 c5 6. dxc5 Bxc5 7. Bf4 Nc6 8. Bd3 a6 9. 0-0 b5 10. Re1 Nf8 11. h4 Qb6 12. Qd2 Bd7 13. Rad1 Nd4 14. Nxd4 Bxd4 15. Bg3 Bc5 16. Qg5 Ng6 17. h5 Ne7 18. Bh4 0-0-0 19. a3 Nc6 20. Qf4 f6 21. exf6 gxf6 22. Rf1 Rhg8 23. a4 Ne5 24. Bxf6 Ng4 25. a5 Nxf2 26. axb6 Nh3+ 27. Kh1 Nxf4 28. Bxd8 Kxd8 1/2-1/2

[Event "Medellin Flores op 23rd"]
[Site "Medellin"]
[Date "2016.08.06"]
[Round "6"]
[White "Zuluaga Mancilla, Cesar"]
[Black "Moran, Daniel Stiven"]
[Result "1-0"]
[WhiteElo "2305"]
[BlackElo "2139"]
[PlyCount "67"]
[EventDate "2016.08.03"]
[EventType "swiss"]
[EventRounds "9"]
[EventCountry "COL"]
[SourceTitle "CBM 173 Extra"]
[Source "ChessBase"]
[SourceDate "2016.08.29"]
[SourceVersion "1"]
[SourceVersionDate "2016.08.29"]
[SourceQuality "1"]

1. d4 d5 2. Nf3 c5 3. e3 Nc6 4. c3 Nf6 5. dxc5 e6 6. b4 a5 7. Bb5 Bd7 8. Bxc6 Bxc6 9. Nd4 Qd7 10. Qb3 Ba4 11. Qb2 Be7 12. 0-0 e5 13. Nb3 Bb5 14. Re1 a4 15. N3d2 e4 16. h3 Bd3 17. Na3 Qf5 18. c4 0-0 19. Qc3 Nh5 20. Bb2 d4 21. exd4 Bh4 22. Nxe4 Bxe4 23. f3 Rfe8 24. Nb5 Bxe1 25. Rxe1 Bc6 26. Rxe8+ Rxe8 27. Nd6 Qb1+ 28. Kf2 Re1 29. Qxe1 Qxb2+ 30. Kf1 Qxd4 31. b5 Bd7 32. g4 Qxc5 33. Qe7 Nf6 34. Qxf7+ 1-0

[Event "COL-ch sf"]
[Site "Medellin"]
[Date "2014.??.??"]
[Round "8"]
[White "Estrella Becerra, Fernando"]
[Black "Moran, Daniel Stiven"]
[Result "1/2-1/2"]
[WhiteElo "1961"]
[BlackElo "2140"]
[PlyCount "137"]
[EventDate "2014.04.15"]
[EventType "swiss"]
[EventRounds "11"]
[EventCountry "COL"]
[SourceTitle "CBM 160 Extra"]
[Source "ChessBase"]
[SourceDate "2014.07.01"]
[SourceVersion "1"]
[SourceVersionDate "2014.07.01"]
[SourceQuality "1"]

1. c4 e6 2. Nc3 b6 3. Nf3 Bb7 4. g3 Nf6 5. Bg2 c5 6. 0-0 Be7 7. b3 0-0 8. Bb2 d5 9. cxd5 Nxd5 10. Nxd5 Qxd5 11. Ne1 Qd7 12. Bxb7 Qxb7 13. Nf3 Nc6 14. a3 Rfd8 15. Qc2 Na5 16. Bc3 Nc6 17. Rfd1 Nd4 18. Bxd4 cxd4 19. d3 Rac8 20. Qb2 Bf6 21. Rdc1 b5 22. b4 Qd5 23. Rxc8 Rxc8 24. Rc1 Rc3 25. Rxc3 dxc3 26. Qc2 g5 27. Ne1 h5 28. h3 Kg7 29. Ng2 Qf5 30. h4 gxh4 31. Nxh4 Bxh4 32. gxh4 Qe5 33. e3 Kf6 34. Kg2 Qd5+ 35. Kg3 Qe5+ 36. Kf3 Ke7 37. Ke2 Qc7 38. Kd1 a5 39. Qb3 a4 40. Qc2 Kf6 41. Ke2 Qc6 42. f3 e5 43. e4 Ke7 44. Kd1 f5 45. Ke2 f4 46. Kf1 Kf6 47. Kg2 Qc7 48. Kf1 Ke6 49. Ke2 Kf6 50. Kf1 Qc8 51. Ke2 Qc6 52. Kd1 Kf7 53. Ke2 Qb6 54. Qxc3 Qe3+ 55. Kd1 Qxf3+ 56. Kd2 Qf2+ 57. Kc1 Qf1+ 58. Kd2 Qf2+ 59. Kc1 Qxh4 60. Qxe5 Qg4 61. Qd5+ Kg6 62. Qd6+ Kg5 63. Qd8+ Kg6 64. Qd6+ Kf7 65. Qd5+ Ke7 66. Qe5+ Kf7 67. Qd5+ Kg6 68. Qd6+ Kg5 69. Qd8+ 1/2-1/2

[Event "COL-ch sf"]
[Site "Medellin"]
[Date "2014.??.??"]
[Round "10"]
[White "Perdomo, Jefferson"]
[Black "Moran, Daniel Stiven"]
[Result "1/2-1/2"]
[WhiteElo "1913"]
[BlackElo "2140"]
[PlyCount "49"]
[EventDate "2014.04.15"]
[EventType "swiss"]
[EventRounds "11"]
[EventCountry "COL"]
[SourceTitle "CBM 160 Extra"]
[Source "ChessBase"]
[SourceDate "2014.07.01"]
[SourceVersion "1"]
[SourceVersionDate "2014.07.01"]
[SourceQuality "1"]

1. e4 d5 2. exd5 Qxd5 3. Nc3 Qd6 4. d4 Nf6 5. Bc4 c6 6. Nge2 Bg4 7. f3 Bf5 8. 0-0 Nbd7 9. Bf4 Qb4 10. Bb3 e6 11. Ng3 Bg6 12. Nce4 Nxe4 13. Nxe4 Be7 14. c3 Qb6 15. Nd6+ Bxd6 16. Bxd6 c5 17. dxc5 Nxc5 18. Bxc5 Qxc5+ 19. Kh1 0-0 20. Qe2 Rfd8 21. Rfd1 Kf8 22. Rd2 Ke7 23. Rad1 Qa5 24. Qe3 a6 25. Kg1 1/2-1/2

[Event "Pan American-ch U20"]
[Site "Cali"]
[Date "2010.05.21"]
[Round "3"]
[White "Duque, Juan Camilo"]
[Black "Moran, Daniel Stiven"]
[Result "0-1"]
[WhiteElo "1972"]
[BlackElo "2084"]
[PlyCount "120"]
[EventDate "2010.05.20"]
[EventType "swiss"]
[EventRounds "9"]
[EventCountry "COL"]
[SourceTitle "CBM 136 Extra"]
[Source "ChessBase"]
[SourceDate "2010.07.02"]
[SourceVersion "2"]
[SourceVersionDate "2010.07.15"]
[SourceQuality "1"]

1. e4 e6 2. d4 d5 3. exd5 exd5 4. Nc3 Nf6 5. Nf3 Nc6 6. Bf4 Bg4 7. Be2 Be7 8. 0-0 0-0 9. Re1 a6 10. Ne5 Be6 11. Bf3 Re8 12. Bg3 Na7 13. Ne2 c6 14. Nf4 Bf5 15. Nh5 Ne4 16. Bxe4 Bxe4 17. Nxg7 Kxg7 18. Rxe4 dxe4 19. Qg4+ Bg5 20. h4 f6 21. hxg5 fxe5 22. Bxe5+ Rxe5 23. dxe5 Qe7 24. e6 Rd8 25. Qxe4 Nc8 26. Qe5+ Kg8 27. c4 Nb6 28. b3 Qg7 29. Qxg7+ Kxg7 30. f4 Kg6 31. g4 Nc8 32. Kf2 h5 33. gxh5+ Kf5 34. Re1 Ne7 35. Kg3 Rd3+ 36. Kh4 Rf3 37. Rd1 Rxf4+ 38. Kg3 Rg4+ 39. Kf3 Rf4+ 40. Kg3 Rg4+ 41. Kf3 Rxg5 42. Rd7 Kxe6 43. Rxb7 Rxh5 44. b4 Rh4 45. b5 Rxc4 46. bxc6 Rxc6 47. Ke3 Rd6 48. a4 Nf5+ 49. Ke2 Ng3+ 50. Ke3 Nf5+ 51. Ke2 Kd5 52. a5 Kc5 53. Kf3 Nd4+ 54. Ke4 Nc6 55. Rb6 Nxa5 56. Rxd6 Kxd6 57. Kd4 Kc6 58. Kc3 Kb5 59. Kb2 Kb4 60. Ka2 Ka4 0-1